Mrs. Huggins and her hen Hannah / (Record no. 6393)

MARC details
000 -LEADER
fixed length control field 00980pam a2200313 a 4500
001 - CONTROL NUMBER
control field 6393
003 - CONTROL NUMBER IDENTIFIER
control field FISKH
005 - DATE AND TIME OF LATEST TRANSACTION
control field 20250428122125.0
008 - FIXED-LENGTH DATA ELEMENTS--GENERAL INFORMATION
fixed length control field 850219s1985 nyua j 000 1 eng
010 ## - LIBRARY OF CONGRESS CONTROL NUMBER
LC control number 85004406
020 ## - INTERNATIONAL STANDARD BOOK NUMBER
International Standard Book Number 0525442030
040 ## - CATALOGING SOURCE
Original cataloging agency DLC
Transcribing agency DLC
Modifying agency DLC
Language of cataloging eng
050 ## - LIBRARY OF CONGRESS CALL NUMBER
Classification number PZ7.D12 M
082 ## - DEWEY DECIMAL CLASSIFICATION NUMBER
Classification number 306.85
100 1# - MAIN ENTRY--PERSONAL NAME
Personal name Dabcovich, Lydia.
245 10 - TITLE STATEMENT
Title Mrs. Huggins and her hen Hannah /
Statement of responsibility, etc. Lydia Dabcovich.
250 ## - EDITION STATEMENT
Edition statement First Unicorn edition 1988
260 ## - PUBLICATION, DISTRIBUTION, ETC.
Place of publication, distribution, etc. New York :
Name of publisher, distributor, etc. Dutton,
Date of publication, distribution, etc. 1985.
300 ## - PHYSICAL DESCRIPTION
Extent 24 unnumbered pages :
Other physical details color illustrations ;
Dimensions 21 x 25 cm.
505 ## - FORMATTED CONTENTS NOTE
Formatted contents note C<br/>
520 ## - SUMMARY, ETC.
Summary, etc. Mrs. Huggins' contented relationship with her hen Hannah comes to an unfortunate end but is reborn in an unexpected way.
521 8# - TARGET AUDIENCE NOTE
Target audience note 100<br/>
Source Lexile estimate <br/>
521 8# - TARGET AUDIENCE NOTE
Target audience note C <br/>
Source Raz-Plus<br/>
650 #1 - SUBJECT ADDED ENTRY--TOPICAL TERM
Topical term or geographic name entry element Chickens
General subdivision Fiction.
650 #1 - SUBJECT ADDED ENTRY--TOPICAL TERM
Topical term or geographic name entry element Death
General subdivision Fiction.
906 ## - LOCAL DATA ELEMENT F, LDF (RLIN)
a 7
b cbc
c orignew
d 1
e ocip
f 19
g y-gencatlg
942 ## - ADDED ENTRY ELEMENTS (KOHA)
Source of classification or shelving scheme Dewey Decimal Classification
Koha item type Books
Suppress in OPAC No
Holdings
Withdrawn status Lost status Source of classification or shelving scheme Damaged status Not for loan Collection Home library Current library Shelving location Date acquired Total Checkouts Full call number Barcode Date last seen Date last checked out Copy number Price effective from Koha item type
    Dewey Decimal Classification     Juvenile Fiction Footprints International School Library Network Toul Kork Campus Footprints International School Library Network Toul Kork Campus TK Primary Library Room(4th Floor), Bookcase 7, Shelves 57-60, Dark Green Books 04/28/2025 1 DAB 306.85 PZ7.D12 M FISBK05690 04/23/2026 03/26/2026 1 04/28/2025 Books